000 00819nam0a22002411i 4500
001 rc\4414083
005 20240724151237.0
021 _aRU
_b[68-8418]
035 _a(NLR Aleph) 008565733
090 _a8493831
_c8493831
100 _a20130416d1967 |||y0rusy50 ca
101 0 _arus
102 _aRU
105 _ay d |||||
200 1 _aИсследование в области окислов свинца
_e(075)
_eАвтореферат дис. на соискание учен. степени канд. хим. наук
_fЧерновиц. гос. ун-т
210 _aЧерновцы
_d1967
215 _a16 с.
606 _aСвинец, окислы
_2psbo
700 1 _aДрогомирецкий
_bП.В.
801 0 _aRU
_bNLR
_gpsbo
801 1 _aRU
_bELAR
_2rusmarc
852 _aNLR
_j68-4/6823
942 _cBOOK